UBT Library

The VARIETY oF LIFE (Record no. 47737)

000 -LEADER
fixed length control field 00291nam a22001337a 4500
008 - FIXED-LENGTH DATA ELEMENTS--GENERAL INFORMATION
fixed length control field 180913b xxu||||| |||| 00| 0 eng d
020 ## - INTERNATIONAL STANDARD BOOK NUMBER
International Standard Book Number 9780965328593
041 ## - LANGUAGE CODE
Language code of text/sound track or separate title eng
080 ## - UNIVERSAL DECIMAL CLASSIFICATION NUMBER
Universal Decimal Classification number 591
100 ## - Rafti
Rafti 7
101 ## - Shkurtesa
Shkurtesa ZOO
245 ## - TITLE STATEMENT
Title The VARIETY oF LIFE
Statement of responsibility, etc Tudge.C
942 ## - ADDED ENTRY ELEMENTS (KOHA)
Source of classification or shelving scheme
Item type Books
Holdings
Withdrawn status Lost status Source of classification or shelving scheme Damaged status Not for loan Collection code Permanent location Current location Date acquired Total Checkouts Full call number Barcode Date last seen Price effective from Koha item type
          Koleksioni i përgjithshem UBT - Lipjan UBT - Lipjan 09/13/2018   591 TUD 002-3012353 09/13/2018 09/13/2018 Books
UBT Library © 2015-2024. All rights reserved University Education for Business and Technology